Normal view
MARC view
- الحواسيب- علم الحاسوب - برامج الحاسوب
Entry Topical Term
001 - CONTROL NUMBER
- control field: 36064
003 - CONTROL NUMBER IDENTIFIER
- control field: JO-AjAnu
005 - DATE AND TIME OF LATEST TRANSACTION
- control field: 20230606080026.0
008 - FIXED-LENGTH DATA ELEMENTS
- fixed length control field: 230606|| aca||aabn | a|a d
040 ## - CATALOGING SOURCE
- Original cataloging agency: JO-AjAnu
- Transcribing agency: JO-AjAnu
150 ## - HEADING--TOPICAL TERM
- Topical term or geographic name entry element: الحواسيب- علم الحاسوب - برامج الحاسوب
670 ## - SOURCE DATA FOUND
- Source citation: Work cat.: (JO-AjAnu)18517: ابو الهيجاء، هيثم/ م. مشارك نجوى اللحام, author 36063, اسئلة مقترحة لامتحان الشامل في مادة مهارات الحاسوب